000 00316nam a2200133Ia 4500
005 20251222155116.0
008 251222s9999||||xx |||||||||||||| ||spa||
082 _aAFIS 04.11
100 _aGANONG, William F.
245 0 _aFisiología Médica
250 _a11ava. ed.
264 _bEl manual moderno
942 _cLIB
999 _c38244
_d38244